Điện Biên Phủ thời gian và không gian

Сохранить в:
Библиографические подробности
Главный автор: Hữu Mai
Формат:
Опубликовано: H. Thanh Niên 1979
Предметы:
Метки: Добавить метку
Нет меток, Требуется 1-ая метка записи!
Thư viện lưu trữ: Trung tâm Học liệu Lê Vũ Hùng, Trường Đại học Đồng Tháp
LEADER 00789pam a22002178a 4500
001 00021510
005 20171026081025.0
008 110525s1979 ||||||Viesd
041 0 # |a Vie 
082 1 4 |a 895.922 3  |b Đ305B 
100 0 # |a Hữu Mai 
245 0 0 |a Điện Biên Phủ thời gian và không gian  |c Hữu Mai 
260 # # |a H.  |b Thanh Niên  |c 1979 
300 # # |a 143 tr.  |c 19 cm. 
653 # # |a Truyện 
653 # # |a Văn học Việt Nam 
852 # # |b Kho mượn  |j KM.0007001, KM.0007002, KM.0007672, KM.0009065, KM.0009066 
852 # # |b Kho đọc  |j KD.0006540 
852 # # |j KD.0006540  |j KM.0007002  |j KM.0007672  |j KM.0009065  |j KM.0009066  |j KM.0007001 
910 0 # |a kìm  |d 25/05/2011 
980 # # |a Trung tâm Học liệu Lê Vũ Hùng, Trường Đại học Đồng Tháp